Is your office safe? (Record no. 75952)
[ view plain ]
| 000 -LEADER | |
|---|---|
| fixed length control field | 00861cab a2200193 4500 |
| 001 - CONTROL NUMBER | |
| control field | ##L131119 |
| 008 - FIXED-LENGTH DATA ELEMENTS--GENERAL INFORMATION | |
| fixed length control field | 050930n2005 000 0 eng u |
| 035 ## - SYSTEM CONTROL NUMBER | |
| System control number | (Sirsi) u131119 |
| 041 0# - LANGUAGE CODE | |
| Language code of text/sound track or separate title | eng |
| 100 1# - MAIN ENTRY--PERSONAL NAME | |
| Personal name | Dudley-Smith, Paul |
| 245 00 - TITLE STATEMENT | |
| Title | Is your office safe? |
| 260 ## - PUBLICATION, DISTRIBUTION, ETC. | |
| Date of publication, distribution, etc. | 2005 |
| 490 #0 - SERIES STATEMENT | |
| Series statement | Solicitor's Journal Focus |
| Volume/sequential designation | 149(35) 16 September 2005, 4(1) |
| 520 ## - SUMMARY, ETC. | |
| Summary, etc. | Considers health and safety risks in commercial buildings. Main topics covered are fire risk assessments, the effect of the Disability Discrimination Act 1995, toxic mould, and asbestos risk management. Heating and ventilation maintenance, flushing of tanks and pipework, and the problem of radon gas are also mentioned. |
| 590 ## - LOCAL NOTE (RLIN) | |
| Local note | IKA111005 |
| 650 24 - SUBJECT ADDED ENTRY--TOPICAL TERM | |
| Topical term or geographic name entry element | DISABILITY DISCRIMINATION ACT 1995 |
| 690 ## - LOCAL SUBJECT ADDED ENTRY--TOPICAL TERM (OCLC, RLIN) | |
| Topical term or geographic name as entry element | MANAGEMENT-HEALTH AND SAFETY-HEALTH AND SAFETY RISK MANAGEMENT |
| 942 ## - ADDED ENTRY ELEMENTS (KOHA) | |
| Suppress in OPAC | 0 |
| Withdrawn status | Lost status | Source of classification or shelving scheme | Damaged status | Not for loan | Home library | Current library | Shelving location | Date acquired | Total Checkouts | Full call number | Barcode | Date last seen | Copy number | Price effective from | Koha item type |
|---|---|---|---|---|---|---|---|---|---|---|---|---|---|---|---|
| Dewey Decimal Classification | London | London | Journal article | 30/09/2005 | L131119 | 131119-1001 | 06/08/2019 | 1 | 06/08/2019 | Journal article |